000
00400nam a22001697a 4500
003
MPLRDC
005
20220104142847.0
008
210129b ||||| |||| 00| 0 eng d
082
_a
490.7 SYS
100
_a
三友三编译
245
_a
怎样做一位领导者
_c
260
_a
_b
众文图书公司
_c
1977
300
_b
平
490
_a
众文丛书;3
650
_a
942
_c
BK
_o
490.7 SYS
999
_c
34303
_d
34293